| 000 | 00596nam a22001937a 4500 | ||
|---|---|---|---|
| 003 | OSt | ||
| 005 | 20260421083823.0 | ||
| 008 | 260421b |||||||| |||| 00| 0 eng d | ||
| 020 | _a0-07-052-709-1 | ||
| 040 |
_aDWC-Main lib. _cOC |
||
| 082 | _aCirc. 512 Sp43c 2000 | ||
| 100 | _aHademenos, George J. | ||
| 245 |
_aCollege algebra : _bbased on Schaum's outline of college algebra/ _cGeorge J. Hademenos |
||
| 260 |
_aNew York : _bMcGraw-Hill, _cc2000. |
||
| 300 |
_av 135 p. ; _c21 cm. |
||
| 490 | _aSchaum's outline series | ||
| 504 | _aInclude index. | ||
| 942 |
_2ddc _cBK-CIRC _hCirc. _n0 |
||
| 999 |
_c9611 _d9611 |
||